La educación contemporánea de adultos en la formación del liderazgo laico pastoral (Registro nro. 51235)
[ vista simple ]
| 000 -LÍDER | |
|---|---|
| Campo fijo de descripción fija | 01156cab a22002414i 4500 |
| 001 - NÚMERO DE CONTROL | |
| Campo de control | 768714001 |
| 003 - IDENTIFICADOR DEL NÚMERO DE CONTROL | |
| Campo de control | CO-MdFUSB |
| 005 - FECHA Y HORA DE LA ULTIMA TRANSACCIÓN | |
| control field | 20230112113748.0 |
| 008 - ELEMENTOS DE LONGITUD FIJA -- INFORMACIÓN GENERAL | |
| Campo fijo de descripción fija -- Información general | 161109s2000 gt ||||| |||| 00| 0 spa d |
| 022 ## - NÚMERO INTERNACIONAL NORMALIZADO PARA PUBLICACIONES SERIADAS | |
| Número Internacional Normalizado para Publicaciones Seriadas | 1014-9341 |
| 040 ## - FUENTE DE CATALOGACIÓN | |
| Agencia Catalogadora | CO-MdFUSB |
| Idioma de catalogación | spa |
| Agencia que realiza la transcripción | CO-MdFUSB |
| Agencia que realiza la modificación | CO-MdFUSB |
| 041 ## - CÓDIGO DE IDIOMA | |
| Código de idioma para texto/pista de sonido o título separado | spa |
| 100 1# - ASIENTO PRINCIPAL--NOMBRE PERSONAL | |
| Nombre personal | Lloret, Julián |
| Término relacionador | autor |
| 245 03 - TÍTULO | |
| Título | La educación contemporánea de adultos en la formación del liderazgo laico pastoral |
| Mención de responsabilidad | / Dr. Julián Lloret |
| 300 ## - DESCRIPCIÓN FÍSICA | |
| Extensión | Número 26 (Enero - Junio, 2000), páginas 59-76 |
| Dimensiones | ; 22 cm |
| 520 ## - NOTA DE RESUMEN, ETC. | |
| Nota de sumario, etc. | A fin de capacitar al liderazgo laico para satisfacer las ingentes necesidades pastorales de la iglesia hoy, debemos aplicar los principios sobre la educación de adultos (la andragogía), los cuales se han expuesto en las obras de autores como Malcolm knowles, Kurt Lewin y Paulo Freire y que han sido desarrolladas ampliamente en tres libros recientes de Jane Vella. |
| 546 ## - NOTA DE IDIOMA | |
| Nota de idioma | Texto en Español |
| 650 #0 - ASIENTO SECUNDARIO DE MATERIA - TERMINO TEMÁTICO | |
| 9 (RLIN) | 984 |
| Término temático o nombre geográfico como elemento de entrada | Educación |
| 653 ## - TÉRMINO DE INDIZACIÓN - NO CONTROLADO | |
| Término no controlado | Liderazgo – Formación |
| 653 ## - TÉRMINO DE INDIZACIÓN - NO CONTROLADO | |
| Término no controlado | Educación |
| 773 0# - ASIENTO DE ITEM FUENTE | |
| Título | Kairós |
| Biblionumber | 49489 |
| Itemnumber | 61197 |
| Parte(s) relacionada(s) / Volumen., número. (mes año), páginas | Número 26 (Enero - Junio, 2000), páginas 59-76 |
| Enumeración y primera página | Página 59 |
| 942 ## - TIPO DE MATERIAL (KOHA) | |
| Tipo de Item KOHA | Artículos de Revista |
No hay ítems disponibles.
